ბათუმის შოთა რუსთაველის სახელმწიფო უნივერსიტეტის ბიბლიოთეკა

Практикум по общей химической технологии. (ბიბ.ჩანაწერი № 38213)

000 -LEADER
fixed length control field 00706nam a2200217Ia 4500
001 - CONTROL NUMBER
control field 4203
003 - CONTROL NUMBER IDENTIFIER
control field GE_BSU
008 - FIXED-LENGTH DATA ELEMENTS--GENERAL INFORMATION
fixed length control field 181216s||||||||xx |||||||||||||| ||und||
040 ## - CATALOGING SOURCE
Transcribing agency GE_BSU
080 ## - UNIVERSAL DECIMAL CLASSIFICATION NUMBER
Universal Decimal Classification number 66(075.8)
245 ## - TITLE STATEMENT
Title Практикум по общей химической технологии.
245 ## - TITLE STATEMENT
Remainder of title Учеб. пособие для вузов.
245 ## - TITLE STATEMENT
Statement of responsibility, etc. Под редакцией И.П.Мухленова.
250 ## - EDITION STATEMENT
Edition statement Изд. 2-е переработ. и доп.
260 ## - PUBLICATION, DISTRIBUTION, ETC.
Place of publication, distribution, etc. М.
260 ## - PUBLICATION, DISTRIBUTION, ETC.
Name of publisher, distributor, etc. Высш. школа.
260 ## - PUBLICATION, DISTRIBUTION, ETC.
Date of publication, distribution, etc. 1973.
300 ## - PHYSICAL DESCRIPTION
Extent 423 стр. 23 см.
653 ## - INDEX TERM--UNCONTROLLED
Uncontrolled term Практикум по общей химической технологии.
942 ## - ADDED ENTRY ELEMENTS (KOHA)
Koha item type წიგნი
ეგზემპლარები
Withdrawn status Lost status Damaged status Not for loan Date acquired Barcode Date last seen Price effective from Koha item type Public note
        2018-12-17 9426 2018-12-17 2018-12-17 წიგნი საცავი